书目信息 |
| 题名: |
诗话总龟
|
|
| 作者: | 阮阅 编 ;周本淳 校点 | |
| 分册: | 后集 | |
| 出版信息: | 北京 人民文学出版社 1987.08 |
|
| 页数: | 328页 | |
| 开本: | 20cm | |
| 丛书名: | 中国古典文学理论批评专著选辑 | |
| 单 册: | ||
| 中图分类: | I207.22 | |
| 科图分类: | ||
| 主题词: | 诗话--shi hua | |
| 电子资源: | ||
| ISBN: | 7-02-002678-8 | |
| 000 | 01134nam 2200253 450 | |
| 001 | 012006361928 | |
| 005 | 20070521100021.93 | |
| 010 | @a7-02-002678-8@dCNY47.00 (全2册) | |
| 100 | @a20060629d1987 km y0chiy0120 ea | |
| 101 | 0 | @achi |
| 102 | @aCN@b110000 | |
| 105 | @ay z 000yy | |
| 200 | 1 | @a诗话总龟@Ashi hua zong gui@h后集@f阮阅编@Fruan yue bian@g周本淳校点@Gzhou ben chun xiao dian |
| 210 | @a北京@c人民文学出版社@d1987.08 | |
| 215 | @a328页@d20cm | |
| 225 | 2 | @a中国古典文学理论批评专著选辑@Azhong guo gu dian wen xue li lun pi ping zhuan zhu xuan ji@h第一辑 |
| 330 | @a《诗话总龟》今本凡98卷,分前、后集,以类编排,网罗丰富,广收小家,但录其诗其事,排比异说,很少论辩,引书百余种,大多现已散佚,足见其资料的珍贵以及重要的参考价值。本书是宋人留存下来的诗话总集中重要的一部,与《苕溪渔隐丛话》“相辅而行,北宋以前之诗话大抵略备”(《四库全书总目》),是研究宋诗的重要参考资料。 | |
| 410 | 0 | @12001 @a中国古典文学理论批评专著选辑 |
| 606 | 0 | @a诗话@Ashi hua |
| 690 | @aI207.22@v4 | |
| 701 | 0 | @a阮阅@Aruan yue@4编 |
| 702 | 0 | @a周本淳@Azhou ben chun@4校点 |
| 801 | 0 | @aCN@c20070521 |
| 905 | @a10447@dI207.22@eR901:2 | |
| 诗话总龟.后集/阮阅编/周本淳校点.-北京:人民文学出版社,1987.08 |
| 328页;20cm.-(中国古典文学理论批评专著选辑.第一辑) |
| ISBN 7-02-002678-8:CNY47.00 (全2册) |
| 《诗话总龟》今本凡98卷,分前、后集,以类编排,网罗丰富,广收小家,但录其诗其事,排比异说,很少论辩,引书百余种,大多现已散佚,足见其资料的珍贵以及重要的参考价值。本书是宋人留存下来的诗话总集中重要的一部,与《苕溪渔隐丛话》“相辅而行,北宋以前之诗话大抵略备”(《四库全书总目》),是研究宋诗的重要参考资料。 |
| ● |
| 相关链接 |
|
|
|
正题名:诗话总龟
索取号:I207.22/R901:2
 
预约/预借
| 序号 | 登录号 | 条形码 | 馆藏地/架位号 | 状态 | 备注 |
| 1 | 237242 | 202372422 | 社科二线422/422社科库 48排1列3层/ [索取号:I207.22/R901:2] | 在馆 | |
| 2 | 237243 | 202372431 | 文学库108/108文学库 8排1列1层/ [索取号:I207.22/R901:2] | 在馆 | |
| 3 | 237244 | 202372440 | 文学库108/108文学库 8排1列1层/ [索取号:I207.22/R901:2] | 在馆 |